Institutional monetary setup of the Slovak Republic and the comparison with nordic model

Guardado en:
Detalles Bibliográficos
Autor principal: Kotlebová, Jana, 1969-
Formato: Capítulo de libro
Lenguaje:inglés
Etiquetas: Agregar Etiqueta
Sin Etiquetas, Sea el primero en etiquetar este registro!

MARC

LEADER 00000naa$a2200000$$$4500
001 0151685
005 20240502072719.9
041 0 |a eng 
044 |a SK 
245 1 0 |a Institutional monetary setup of the Slovak Republic and the comparison with nordic model  |c Jana Kotlebová 
100 1 |a Kotlebová, Jana, 1969-